Чакона (Запись № 11175641)

Подробности
000 -МАРКЕР
контрольное поле 01540ncm0a22003971 4500
001 - ИДЕНТИФИКАТОР ЗАПИСИ
контрольное поле RU\NLR\ONIZ\215754
005 - ИДЕНТИФИКАТОР ВЕРСИИ
контрольное поле 20250626045021.0
010 ## - МЕЖДУНАРОДНЫЙ СТАНДАРТНЫЙ НОМЕР КНИГИ (ISBN)
Номер (ISBN) 5-9565-0009-3
035 ## - ДРУГИЕ СИСТЕМНЫЕ НОМЕРА
Идентификатор записи RU\NLR\ONIZ\GALA\5000029385\20161123140855
035 ## - ДРУГИЕ СИСТЕМНЫЕ НОМЕРА
Идентификатор записи (NLR Aleph) 011338107
071 20 - ИЗДАТЕЛЬСКИЙ НОМЕР
Номер, присвоенный агентством NM 772
100 ## - ДАННЫЕ ОБЩЕЙ ОБРАБОТКИ
Данные общей обработки 20161123d2004 |||y0rusy50 ca
101 0# - ЯЗЫК РЕСУРСА
Язык текста, звукозаписи и т.д. русский
102 ## - СТРАНА ПУБЛИКАЦИИ ИЛИ ПРОИЗВОДСТВА
Страна публикации Российская Федерация
125 ## - ПОЛЕ КОДИРОВАННЫХ ДАННЫХ: ЗВУКОЗАПИСИ И НОТНЫЕ ИЗДАНИЯ
Форма изложения нотного текста ax
200 1# - ЗАГЛАВИЕ И СВЕДЕНИЯ ОБ ОТВЕТСТВЕННОСТИ
Основное заглавие Чакона
Общее обозначение материала Ноты
Параллельное заглавие Chaconne
Первые сведения об ответственности Бах
Последующие сведения об ответственности [транскр. для фп.] Бузони
Язык параллельного заглавия английский
210 ## - ПУБЛИКАЦИЯ, РАСПРОСТРАНЕНИЕ И ДР.
Место издания, распространения и т.д. Санкт-Петербург
Имя издателя, распространителя и т. д. Нота
Дата издания, распространения и т.д. 2004
215 ## - ФИЗИЧЕСКАЯ ХАРАКТЕРИСТИКА
Специфическое обозначение материала и объем 19 с.
Размеры 29 см
225 1# - СЕРИЯ
Основное заглавие серии Фортепиано
300 ## - ОБЩИЕ ПРИМЕЧАНИЯ
Текст примечания Крат. сведения о Бузони и портр.: с. 4 обл.
500 00 - УНИФИЦИРОВАННОЕ ЗАГЛАВИЕ
Унифицированное заглавие Партита № 2 для скрипки соло
Наименование раздела или части чакона
Цифровое обозначение (для музыкальных произведений) BWV 1004
Ключ (для музыкальных произведений) ре мин.
Дополнительные сведения (для музыкальных произведений) аранж.
Средства исполнения (для музыкальных произведений) фп.
606 1# - НАИМЕНОВАНИЕ ТЕМЫ КАК ПРЕДМЕТ
Наименование темы Транскрипции для фортепиано
Формальный подзаголовок Ноты
Код системы nlr_sh
686 ## - ИНДЕКСЫ ДРУГИХ КЛАССИФИКАЦИЙ
Индекс Щ954.2-095-058.55(4Г)
Издание LBC/SL
Код системы
700 #1 - ИМЯ ЛИЦА - ПЕРВИЧНАЯ ОТВЕТСТВЕННОСТЬ
Системный номер авторитетной/нормативной записи z01790
Начальный элемент ввода Бах
Часть имени, кроме начального элемента ввода И. С.
Даты 1685-1750
Расширение инициалов личного имени Иоганн Себастьян
Код отношения Композитор
Графика поля Кириллица
702 #1 - ИМЯ ЛИЦА - ВТОРИЧНАЯ ОТВЕТСТВЕННОСТЬ
Системный номер авторитетной/нормативной записи z02790
Начальный элемент ввода Бузони
Часть имени, кроме начального элемента ввода Ф.
Даты 1866-1924
Расширение инициалов личного имени Ферруччо
Код отношения Аранжировщик, Оркестровщик, Реализатор генерал-баса (редуцированной нотации)
Графика поля Кириллица
790 #1 - ИМЯ ЛИЦА - АЛЬТЕРНАТИВНАЯ ФОРМА
Системный номер авторитетной/нормативной записи z01700
Начальный элемент ввода Bach
Часть имени, кроме начального элемента ввода J. S.
Даты 1685-1750
Расширение инициалов личного имени Johann Sebastian
Код отношения Композитор
Графика поля Латинская
790 #1 - ИМЯ ЛИЦА - АЛЬТЕРНАТИВНАЯ ФОРМА
Системный номер авторитетной/нормативной записи z02702
Начальный элемент ввода Busoni
Часть имени, кроме начального элемента ввода F.
Даты 1866-1924
Расширение инициалов личного имени Ferruccio
Код отношения Аранжировщик, Оркестровщик, Реализатор генерал-баса (редуцированной нотации)
Графика поля Латинская
801 #0 - ИСТОЧНИК ЗАПИСИ
Страна Российская Федерация
Организация NLR
Дата составления 20161123
Правила каталогизации PSBO
801 #1 - ИСТОЧНИК ЗАПИСИ
Страна Российская Федерация
Организация NLR
Дата составления 20161123
Источник данных rusmarc
801 #2 - ИСТОЧНИК ЗАПИСИ
Страна Российская Федерация
Организация NLR
Дата составления 20180125
852 ## - МЕСТОНАХОЖДЕНИЕ И ШИФР ХРАНЕНИЯ
Идентификатор организации NLR
Наименование фонда или коллекции (Sub-Location Identifier) М
Шифр хранения (Call Number) К-3/25940
Страна
Номер экземпляра 1
942 ## - ДОПОЛНИТЕЛЬНЫЕ ЭЛЕМЕНТЫ ЗАПИСИ (АБИС)
Тип экземпляра АБИС Ноты
980 ## - КОЛЛЕКЦИЯ
Название коллекции Национальная библиография
980 ## - КОЛЛЕКЦИЯ
Название коллекции Отдел нот и звукозаписей
Экземпляры
Тип экземпляра Дата поступления Библиотека постоянного хранения Библиотека текущего хранения Место хранения Шифр хранения Статус экземпляра
Ноты 23.11.2016 РНБ (Московский) РНБ (Московский) Фонд нот и звукозаписей К-3/25940 К-3/25940